Catalog

Record Details

Catalog Search



An Introduction to Soil Dynamics Cover Image E-book E-book

An Introduction to Soil Dynamics [electronic resource] / by Arnold Verruijt.

Record details

  • ISBN: 9789048134410
  • Physical Description: XIV, 434p. 201 illus., 6 illus. in color. online resource.
  • Publisher: Dordrecht : Springer Netherlands, 2010.
Subject: Geography.
Mathematical geography.
Physical geography.
Engineering geology.
Earth Sciences.
Geotechnical Engineering.
Mathematical Applications in Earth Sciences.
Computer Applications in Earth Sciences.
Geophysics/Geodesy.

Electronic resources


LDR 01552nam a22003975i 4500
00129209
003CONS
00520131220060238.0
007cr nn 008mamaa
008100301s2010 ne | s |||| 0|eng d
020 . ‡a9789048134410 ‡9978-90-481-3441-0
0247 . ‡a10.1007/978-90-481-3441-0 ‡2doi
035 . ‡a(DE-He213)978-90-481-3441-0
1001 . ‡aVerruijt, Arnold. ‡eauthor.
24513. ‡aAn Introduction to Soil Dynamics ‡h[electronic resource] / ‡cby Arnold Verruijt.
264 1. ‡aDordrecht : ‡bSpringer Netherlands, ‡c2010.
300 . ‡aXIV, 434p. 201 illus., 6 illus. in color. ‡bonline resource.
336 . ‡atext ‡btxt ‡2rdacontent
337 . ‡acomputer ‡bc ‡2rdamedia
338 . ‡aonline resource ‡bcr ‡2rdacarrier
347 . ‡atext file ‡bPDF ‡2rda
4901 . ‡aTheory and Applications of Transport in Porous Media ; ‡v24
650 0. ‡aGeography.
650 0. ‡aMathematical geography.
650 0. ‡aPhysical geography.
650 0. ‡aEngineering geology.
65014. ‡aEarth Sciences.
65024. ‡aGeotechnical Engineering.
65024. ‡aMathematical Applications in Earth Sciences.
65024. ‡aComputer Applications in Earth Sciences.
65024. ‡aGeophysics/Geodesy.
7102 . ‡aSpringerLink (Online service)
7730 . ‡tSpringer eBooks
77608. ‡iPrinted edition: ‡z9789048134403
830 0. ‡aTheory and Applications of Transport in Porous Media ; ‡v24
85640. ‡uhttp://biblioteca.ipicyt.edu.mx:2048/login?url=http://dx.doi.org/10.1007/978-90-481-3441-0 ‡yTexto completo ‡9CONS
950 . ‡aEarth and Environmental Science (Springer-11646)
901 . ‡a29209 ‡b ‡c29209 ‡tbiblio ‡sSystem Local

Additional Resources